Papelucho: mi hermana Ji

Saved in:
Bibliografiske detaljer
Hovedforfatter: Paz, Marcela (autora)
Format: Bog
Sprog:spansk
Udgivet: Santiago Universitaria 1990
Udgivelse:29a. ed
Fag:
Tags: Tilføj Tag
Ingen Tags, Vær først til at tagge denne postø!

MARC

LEADER 00000nam a2200000 a 4500
001 UCH4005
003 CL-VaPUC
008 090818e19900000CL |||||||||||||||||spa|d
082 0 4 |a Ch863  |b PAZ  |2 21 
100 |a Paz, Marcela  |e autora  |9 881017 
245 1 0 |a Papelucho: mi hermana Ji 
250 |a 29a. ed 
300 |a 96 p 
942 |c BK 
945 |d 20090818 00:00:00  |a lazolas 
260 |a Santiago  |b Universitaria  |c 1990 
650 0 |a Novelas chilenas   |9 265425 
583 |a last modification  |c 20090818 00:00:00  |k Rodrigo Vera 
999 |c 335371  |d 335369